The one best system : a history of American urban education

Αποθηκεύτηκε σε:
Λεπτομέρειες βιβλιογραφικής εγγραφής
Κύριος συγγραφέας: Tyack, David B.
Μορφή: Βιβλίο
Γλώσσα:English
Δημοσίευση: Cambridge : Harvard University Press, 1974
Θέματα:
Ετικέτες: Προσθήκη ετικέτας
Δεν υπάρχουν, Καταχωρήστε ετικέτα πρώτοι!

MARC

LEADER 00000nam a2200000 i 4500
001 1/21665
008 960711s1974 eng d
020 |z 0-674-63781-3 
035 |a 1987  |c Αγορά  |l 10036361 
040 |a GR-MY-UA  |b gre  |e aacr 
041 0 |a eng 
082 0 |a 370.973 
100 1 |a Tyack, David B. 
245 1 4 |a The one best system :  |b a history of American urban education /  |c David B. Tyack 
260 |a Cambridge :   |b Harvard University Press,   |c 1974 
300 |a 353 σ.;  |c 21 εκ. 
650 0 0 |a Education, Urban  |z United States  |x History. 
650 0 0 |a Education and state  |z United States. 
852 |a INST  |b RHODES  |e 19960711  |h 370.973 TYA  |p 005400002780  |q 005400002780  |t BK  |y 0 
909 |a Ρ  |b 008190  |c 1987